Relevantnosť účtovných informácií podnikateľských subjektov v Slovenskej republike inauguračná prednáška

Salvato in:
Dettagli Bibliografici
Autore principale: Tumpach, Miloš, 1970-
Ente Autore: Ekonomická univerzita v Bratislave. Fakulta hospodárskej informatiky
Natura: Libro
Lingua:slovacco
Pubblicazione: Bratislava 2014
Edizione:1. vyd.
Serie:Habilitačné a inauguračné prednášky
Soggetti:
Tags: Aggiungi Tag
Nessun Tag, puoi essere il primo ad aggiungerne!!

MARC

LEADER 00000nam$a2200000$$$4500
001 0194113
005 20240502073241.3
020 |a 978-80-225-3935-7 
041 0 |a slo 
044 |a SK 
245 1 0 |a Relevantnosť účtovných informácií podnikateľských subjektov v Slovenskej republike  |b inauguračná prednáška  |c Miloš Tumpach 
250 |a 1. vyd. 
264 1 |a Bratislava  |c 2014 
300 |a 137 s. 
490 1 |a Habilitačné a inauguračné prednášky 
830 0 |a Habilitačné a inauguračné prednášky 
610 2 0 |a účtovníctvo 
610 2 0 |a informácie účtovné 
610 2 0 |a normy účtovné 
610 2 0 |a závierka účtovná 
100 1 |a Tumpach, Miloš, 1970- 
710 2 |a Ekonomická univerzita v Bratislave. Fakulta hospodárskej informatiky